Major Pro Sports Teams - North America Updated - Statistics

General Stats
  • This quiz has been taken 1,034 times
    216 since last reset
  • The average score is 102 of 154
Answer Stats
League Team % Correct
NFL New York Jets
92%
NFL Arizona Cardinals
91%
MLB St. Louis Cardinals
91%
NHL Winnipeg Jets
91%
NFL Las Vegas Raiders
90%
NFL New York Giants
89%
MLB San Francisco Giants
89%
NFL Atlanta Falcons
88%
NFL Chicago Bears
88%
NFL Detroit Lions
88%
NFL Kansas City Chiefs
88%
NFL Philadelphia Eagles
88%
NFL San Francisco 49ers
88%
NFL Seattle Seahawks
88%
NFL Los Angeles Rams
87%
NFL Miami Dolphins
87%
NFL Buffalo Bills
86%
NFL Carolina Panthers
86%
MLB Cincinnati Reds
86%
NHL Florida Panthers
86%
NFL Los Angeles Chargers
86%
NFL New England Patriots
86%
NFL Dallas Cowboys
85%
NFL Houston Texans
85%
NFL Jacksonville Jaguars
85%
NFL New Orleans Saints
85%
NFL Pittsburgh Steelers
85%
NFL Cincinnati Bengals
84%
NFL Cleveland Browns
84%
NFL Baltimore Ravens
83%
NFL Green Bay Packers
83%
NFL Minnesota Vikings
83%
NFL Tampa Bay Buccaneers
83%
NFL Tennessee Titans
83%
MLB Texas Rangers
83%
NFL Denver Broncos
82%
NHL New York Rangers
82%
NFL Washington Commanders
82%
MLB Chicago White Sox
81%
MLB Los Angeles Dodgers
81%
MLB Boston Red Sox
80%
NFL Indianapolis Colts
80%
NBA Los Angeles Lakers
80%
MLB New York Yankees
80%
NBA Miami Heat
79%
MLB Atlanta Braves
78%
NBA Atlanta Hawks
78%
NBA Boston Celtics
77%
NBA Golden State Warriors
77%
MLB Miami Marlins
77%
MLB New York Mets
77%
NBA Philadelphia 76ers
77%
MLB Arizona Diamondbacks
76%
NBA Chicago Bulls
76%
MLB Houston Astros
76%
MLB Los Angeles Angels
76%
MLB Baltimore Orioles
75%
NBA Denver Nuggets
74%
MLB Detroit Tigers
74%
NHL Los Angeles Kings
74%
MLB Minnesota Twins
74%
MLB Philadelphia Phillies
74%
NBA Sacramento Kings
74%
MLB Tampa Bay Rays
74%
MLB Toronto Blue Jays
74%
NBA Detroit Pistons
73%
NBA Milwaukee Bucks
73%
MLB Chicago Cubs
72%
NBA Dallas Mavericks
72%
NBA Los Angeles Clippers
72%
MLB Milwaukee Brewers
72%
MLB Pittsburgh Pirates
72%
MLB San Diego Padres
72%
NBA Toronto Raptors
72%
NBA Utah Jazz
72%
NBA Washington Wizards
72%
NBA Brooklyn Nets
71%
NBA New York Knicks
71%
NBA Orlando Magic
71%
MLB Colorado Rockies
70%
NBA Houston Rockets
70%
MLB Kansas City Royals
70%
NBA Phoenix Suns
70%
NBA San Antonio Spurs
70%
MLB Seattle Mariners
70%
NHL Pittsburgh Penguins
69%
NHL Boston Bruins
68%
NBA Cleveland Cavaliers
68%
NBA Memphis Grizzlies
68%
NBA Minnesota Timberwolves
68%
NBA New Orleans Pelicans
68%
NHL Toronto Maple Leafs
68%
MLB Washington Nationals
68%
NHL Anaheim Ducks
67%
NBA Oklahoma City Thunder
67%
NBA Indiana Pacers
66%
NHL Montreal Canadiens
66%
NBA Portland Trail Blazers
66%
MLB Cleveland Guardians
65%
NHL Dallas Stars
65%
NHL Edmonton Oilers
65%
NHL New York Islanders
65%
NHL Chicago Blackhawks
64%
NHL Seattle Kraken
64%
NHL Calgary Flames
63%
NHL Detroit Red Wings
63%
NHL San Jose Sharks
63%
NHL St. Louis Blues
63%
NHL Tampa Bay Lightning
63%
NBA Charlotte Hornets
62%
NHL Columbus Blue Jackets
62%
NHL Nashville Predators
62%
NHL Philadelphia Flyers
62%
NHL Vancouver Canucks
62%
NHL Colorado Avalanche
61%
NHL Minnesota Wild
61%
NHL New Jersey Devils
61%
NHL Ottawa Senators
61%
NHL Vegas Golden Knights
61%
NHL Washington Capitals
61%
NHL Carolina Hurricanes
59%
NHL Buffalo Sabres
55%
MLS Los Angeles Galaxy
55%
MLS Inter Miami CF
49%
NHL Utah Hockey Club
49%
MLS New York Red Bulls
48%
MLS Chicago Fire FC
47%
MLS Seattle Sounders FC
47%
MLB Athletics
46%
MLS Los Angeles FC
42%
MLS Portland Timbers
39%
MLS Vancouver Whitecaps FC
39%
MLS Columbus Crew
36%
MLS Atlanta United FC
35%
MLS New York City FC
35%
MLS Colorado Rapids
34%
MLS New England Revolution
34%
MLS DC United
33%
MLS Sporting Kansas City
33%
MLS Toronto FC
33%
MLS Real Salt Lake
32%
MLS San Jose Earthquakes
31%
MLS Austin FC
29%
MLS Philadelphia Union
29%
MLS FC Dallas
28%
MLS Houston Dynamo FC
28%
MLS FC Cincinnati
26%
MLS Minnesota United FC
26%
MLS Charlotte FC
25%
MLS CF Montreal
24%
MLS Orlando City
22%
MLS Nashville SC
19%
MLS San Diego FC
16%
MLS St. Louis City SC
16%
No matching quizzes found
Score Distribution
Percent of People with Each Score
Percentile by Number Answered
Your Score History
You have not taken this quiz since the last reset